000
00308nam a22001337a 4500
020
_a
81-7826-183-9
082
_a
823
_b
DUM/T
100
_a
ALEXANDRE DUMAS
245
_a
THE THREE MUSKETEERS
260
_a
DELHI
_b
ROHAN BOOK COMPANY
_c
2003
300
_a
222
650
_a
MODERN ILLUSTRATED CLASSICS
942
_c
BK
999
_c
277
_d
277